| 000 | 00558cam a2200205 4500 | ||
|---|---|---|---|
| 001 | D8778 | ||
| 008 | 090401t1956 xxu||||| |||| 00| 0 eng d | ||
| 035 | _a(Sirsi) u15201 | ||
| 041 | _aeng | ||
| 050 | _a914.203 | ||
| 100 | _aSmith, Albert Hugh | ||
| 245 | _aEnglish place-name elements | ||
| 260 |
_aCambridge _bCambridge UP _c1956 |
||
| 300 | _a2v 722p | ||
| 350 | _a12 | ||
| 490 |
_aEnglish Place-Name Society Publications _vVolumes 25 & |
||
| 520 | _aPart 2: The elements JAFN-YTRI, Index and maps $6.00 417p | ||
| 942 | _n0 | ||
| 948 | _c04/03/1997 | ||
| 999 |
_c87263 _d87263 |
||